Dream SMP Nations - Statistics

General Stats
  • This quiz has been taken 399 times
  • The average score is 8 of 17
Answer Stats
Answer % Correct
L'Manberg
99%
Manberg
84%
Pogtopia
73%
Snowchester
73%
Las Nevadas
65%
Greater Dream SMP
62%
Kinoko Kingdom
55%
The Badlands
54%
The Eggpire
45%
El Rapids
42%
The Syndicate
33%
Logstedshire
29%
Boomerville
28%
Manifold Land
24%
L'Sandberg
16%
Dry Waters
9%
Rutabagaville
9%
No matching quizzes found
Score Distribution
Percent of People with Each Score
Percentile by Number Answered
Your Score History
You have not taken this quiz